Termické vlastnosti zmesí PLA/PHB

Saved in:
Bibliographic Details
Main Author: Jeriga, Angelika (Author)
Other Authors: Alexy, Pavel, 1961- (Thesis advisor)
Format: Manuscript Book
Language:Slovak
Published: 2015
Subjects:
Online Access:http://is.stuba.sk/zp/portal_zp.pl?podrobnosti=113187
Tags: Add Tag
No Tags, Be the first to tag this record!

MARC

LEADER 00000ntm a22000003a 4500
001 stuzp51724
003 SK-STU
005 20160719153939.6
007 ta
008 150427s2015----xo-----f-mn---000-0-slo-d
040 |a STU  |b slo 
041 0 |a slo 
100 1 |a Jeriga, Angelika  |u 049370  |4 aut  |U FCHPT Ústav prírodných a syntetických polymérov  |T FCHPT Oddelenie plastov a kaučuku  |X 43467  |U C9370  |Y 128  |7 43467 
242 0 1 |a Thermal properties of blends PLA/PHB  |y eng 
245 1 0 |a Termické vlastnosti zmesí PLA/PHB 
260 |c 2015 
650 4 |a kyselina polymliečna  |2 slo 
650 4 |a polyhydroxybutyrát  |2 slo 
650 4 |a nitrid bóru  |2 slo 
650 4 |a biodegradácia  |2 slo 
650 4 |a biodegradation  |2 eng 
650 4 |a poly(lactic acid)  |2 eng 
650 4 |a polyhydroxybutyrate  |2 eng 
650 4 |a boron nitrid  |2 eng 
700 1 |a Alexy, Pavel,  |d 1961-  |4 ths  |X 3899  |7 A000003899 
856 4 |u http://is.stuba.sk/zp/portal_zp.pl?podrobnosti=113187 
SQL |a stuzp51724  |b DDP  |c SLO  |d Termické vlastnosti zmesí PLA/PHB  |e 43467  |f Jeriga, Angelika  |g 049370  |h 3899  |i Alexy, Pavel  |j 20150608  |k 542  |l 04  |m http://is.stuba.sk/zp/portal_zp.pl?podrobnosti=113187  |n I-PSP  |o 5.2.18. chemické technológie